[Event "World Chess Olympiad 2018"]
[Site "Batumi"]
[Date "2018.10.03"]
[Round "9"]
[Board "2"]
[WhiteFideId "4000102"]
[White "Berend Fred"]
[BlackFideId "1204297"]
[Black "Parligras Mircea-Emilian"]
[Result "0-1"]
[LiveChessVersion "1.4.8"]
[BlackElo "2623"]
[WhiteElo "2358"]

1. d4 {[%clk 1:30:53]} d5 {[%clk 1:30:05]} 2. c4 {[%clk 1:31:06]} e6
{[%clk 1:30:30]} 3. Nf3 {[%clk 1:30:33]} Nf6 {[%clk 1:30:38]} 4. g3
{[%clk 1:30:48]} Bb4+ {[%clk 1:30:52]} 5. Bd2 {[%clk 1:31:08]} Bd6
{[%clk 1:31:14]} 6. Qb3 {[%clk 1:27:44]} O-O {[%clk 1:27:50]} 7. Bg2
{[%clk 1:27:48]} c6 {[%clk 1:20:45]} 8. Bb4 {[%clk 1:23:46]} b6 {[%clk 1:19:33]}
9. Bxd6 {[%clk 1:21:25]} Qxd6 {[%clk 1:19:58]} 10. O-O {[%clk 1:17:46]} Ba6
{[%clk 1:12:57]} 11. Nbd2 {[%clk 1:13:46]} Nbd7 {[%clk 1:11:21]} 12. Rac1
{[%clk 1:10:59]} Rac8 {[%clk 1:08:39]} 13. Rfe1 {[%clk 1:04:43]} Rfd8
{[%clk 1:06:50]} 14. e4 {[%clk 1:00:12]} dxe4 {[%clk 1:04:07]} 15. Nxe4
{[%clk 1:00:34]} Nxe4 {[%clk 1:04:19]} 16. Rxe4 {[%clk 1:01:03]} c5
{[%clk 1:04:30]} 17. Rf4 {[%clk 0:50:45]} Nf6 {[%clk 0:58:10]} 18. Qa3
{[%clk 0:39:37]} Bb7 {[%clk 0:57:16]} 19. dxc5 {[%clk 0:38:39]} bxc5
{[%clk 0:55:33]} 20. Re1 {[%clk 0:35:18]} Rc7 {[%clk 0:52:04]} 21. Qc3
{[%clk 0:26:55]} Bxf3 {[%clk 0:51:56]} 22. Rxf3 {[%clk 0:24:38]} Qd2
{[%clk 0:51:09]} 23. Bf1 {[%clk 0:21:48]} Rb7 {[%clk 0:48:59]} 24. Re2
{[%clk 0:18:28]} Qxc3 {[%clk 0:45:54]} 25. Rxc3 {[%clk 0:18:54]} Rd1
{[%clk 0:45:42]} 26. Kg2 {[%clk 0:16:26]} Kf8 {[%clk 0:45:10]} 27. Rec2
{[%clk 0:14:14]} Rb1 {[%clk 0:42:43]} 28. b3 {[%clk 0:14:31]} Ke7
{[%clk 0:41:37]} 29. Rd3 {[%clk 0:14:19]} Rd7 {[%clk 0:34:15]} 30. Rcd2
{[%clk 0:13:58]} Ra1 {[%clk 0:33:57]} 31. Be2 {[%clk 0:12:28]} g5
{[%clk 0:30:58]} 32. h3 {[%clk 0:12:04]} h6 {[%clk 0:31:03]} 33. Kf3
{[%clk 0:07:36]} Rxd3+ {[%clk 0:29:47]} 34. Bxd3 {[%clk 0:07:49]} Nd7
{[%clk 0:29:15]} 35. Ke2 {[%clk 0:04:09]} f5 {[%clk 0:21:55]} 36. g4
{[%clk 0:04:15]} f4 {[%clk 0:21:52]} 37. Be4 {[%clk 0:03:06]} Nf6
{[%clk 0:21:44]} 38. Bc6 {[%clk 0:03:05]} e5 {[%clk 0:21:40]} 39. Kf3
{[%clk 0:02:08]} Re1 {[%clk 0:21:44]} 40. Kg2 {[%clk 0:31:40]} e4
{[%clk 0:51:54]} 41. Rb2 f3+ {[%clk 0:45:21]} 42. Kg3 {[%clk 0:24:52]} Kd6
{[%clk 0:43:42]} 43. Bb7 {[%clk 0:24:32]} Ke5 {[%clk 0:42:56]} 44. a3
{[%clk 0:22:42]} Rg1+ {[%clk 0:42:51]} 45. Kh2 {[%clk 0:23:10]} Rg2+
{[%clk 0:43:16]} 46. Kh1 {[%clk 0:23:33]} h5 {[%clk 0:43:34]} 47. b4
{[%clk 0:21:03]} hxg4 {[%clk 0:43:21]} 48. bxc5 {[%clk 0:21:14]} g3
{[%clk 0:41:16]} 49. c6 {[%clk 0:17:33]} gxf2 {[%clk 0:40:27]} 50. Rb1
{[%clk 0:06:55]} Nh5 {[%clk 0:40:42]} 0-1

[Event "World Chess Olympiad 2018"]
[Site "Batumi"]
[Date "2018.10.03"]
[Round "9"]
[Board "3"]
[WhiteFideId "1226380"]
[White "Deac Bogdan-Daniel"]
[BlackFideId "4001206"]
[Black "Linster Philippe"]
[Result "1-0"]
[LiveChessVersion "1.4.8"]
[BlackElo "2273"]
[WhiteElo "2594"]

1. e4 {[%clk 1:30:57]} e5 {[%clk 1:30:54]} 2. Nf3 {[%clk 1:31:23]} Nc6
{[%clk 1:31:19]} 3. Bb5 {[%clk 1:31:39]} a6 {[%clk 1:31:43]} 4. Ba4
{[%clk 1:32:04]} Nf6 {[%clk 1:32:07]} 5. O-O {[%clk 1:32:24]} Be7
{[%clk 1:32:32]} 6. d3 {[%clk 1:32:45]} b5 {[%clk 1:32:55]} 7. Bb3
{[%clk 1:33:12]} d6 {[%clk 1:33:18]} 8. a3 {[%clk 1:33:25]} O-O {[%clk 1:33:37]}
9. Nc3 {[%clk 1:33:53]} Na5 {[%clk 1:33:29]} 10. Ba2 {[%clk 1:34:20]} Be6
{[%clk 1:33:51]} 11. d4 {[%clk 1:31:44]} Bxa2 {[%clk 1:33:34]} 12. Rxa2
{[%clk 1:31:59]} Nc6 {[%clk 1:33:15]} 13. d5 {[%clk 1:26:24]} Nb8
{[%clk 1:33:39]} 14. Be3 {[%clk 1:26:42]} Nbd7 {[%clk 1:29:44]} 15. Ne1
{[%clk 1:24:55]} Qc8 {[%clk 1:25:16]} 16. Nd3 {[%clk 1:19:29]} c6
{[%clk 1:07:55]} 17. Nb4 {[%clk 1:08:35]} cxd5 {[%clk 1:04:40]} 18. Nbxd5
{[%clk 1:08:17]} Nxd5 {[%clk 1:02:44]} 19. Nxd5 {[%clk 1:08:38]} Qd8
{[%clk 1:02:18]} 20. a4 {[%clk 1:01:25]} Nf6 {[%clk 0:43:44]} 21. c3
{[%clk 0:54:35]} Nxd5 {[%clk 0:37:40]} 22. Qxd5 {[%clk 0:55:01]} Qb8
{[%clk 0:31:15]} 23. axb5 {[%clk 0:51:43]} axb5 {[%clk 0:30:15]} 24. Rfa1
{[%clk 0:51:51]} Rxa2 {[%clk 0:30:27]} 25. Rxa2 {[%clk 0:52:18]} b4
{[%clk 0:27:54]} 26. c4 {[%clk 0:51:03]} b3 {[%clk 0:25:04]} 27. Ra6
{[%clk 0:48:16]} Qc8 {[%clk 0:19:21]} 28. Ra7 {[%clk 0:44:04]} Bf6
{[%clk 0:17:09]} 29. Ra3 {[%clk 0:43:08]} Qb8 {[%clk 0:12:28]} 30. Qd3
{[%clk 0:43:14]} Rc8 {[%clk 0:10:55]} 31. Rxb3 {[%clk 0:42:51]} Qc7
{[%clk 0:09:56]} 32. Ra3 {[%clk 0:42:19]} h6 {[%clk 0:08:52]} 33. b3
{[%clk 0:42:43]} Qc6 {[%clk 0:07:35]} 34. Qd5 {[%clk 0:40:34]} Qxd5
{[%clk 0:06:33]} 35. exd5 {[%clk 0:41:02]} Rb8 {[%clk 0:04:44]} 36. g3
{[%clk 0:37:35]} e4 {[%clk 0:04:06]} 37. Ra6 {[%clk 0:35:08]} Be5
{[%clk 0:02:09]} 38. Bf4 {[%clk 0:30:19]} Bxf4 {[%clk 0:01:16]} 39. gxf4
{[%clk 0:30:47]} Rxb3 {[%clk 0:01:14]} 40. Rxd6 {[%clk 1:01:15]} Kf8
{[%clk 0:30:51]} 41. c5 {[%clk 0:59:33]} Rc3 {[%clk 0:25:13]} 42. c6
{[%clk 0:59:49]} Ke7 {[%clk 0:18:57]} 43. Rd7+ {[%clk 1:00:11]} Ke8
{[%clk 0:19:26]} 44. f5 {[%clk 1:00:13]} h5 {[%clk 0:14:02]} 45. h4
{[%clk 0:57:57]} Rc1+ {[%clk 0:07:35]} 46. Kg2 {[%clk 0:58:26]} Rc3
{[%clk 0:07:45]} 47. Kf1 {[%clk 0:57:44]} Rf3 {[%clk 0:04:29]} 48. d6
{[%clk 0:57:16]} Rc3 {[%clk 0:04:37]} 49. Re7+ {[%clk 0:57:36]} Kd8
{[%clk 0:04:55]} 50. c7+ {[%clk 0:57:59]} 1-0

[Event "World Chess Olympiad 2018"]
[Site "Batumi"]
[Date "2018.10.03"]
[Round "9"]
[Board "4"]
[WhiteFideId "4000803"]
[White "Jeitz Christian"]
[BlackFideId "1211668"]
[Black "Chirila Ioan-Cristian"]
[Result "0-1"]
[LiveChessVersion "1.4.8"]
[BlackElo "2576"]
[WhiteElo "2220"]

1. e4 {[%clk 1:30:57]} e5 {[%clk 1:30:41]} 2. Nf3 {[%clk 1:31:20]} Nc6
{[%clk 1:31:04]} 3. Bb5 {[%clk 1:31:44]} a6 {[%clk 1:31:27]} 4. Ba4
{[%clk 1:32:07]} Nge7 {[%clk 1:31:50]} 5. O-O {[%clk 1:31:15]} g6
{[%clk 1:32:14]} 6. c3 {[%clk 1:29:28]} Bg7 {[%clk 1:31:40]} 7. d4
{[%clk 1:28:01]} exd4 {[%clk 1:31:44]} 8. cxd4 {[%clk 1:28:28]} O-O
{[%clk 1:31:34]} 9. d5 {[%clk 1:19:00]} Na5 {[%clk 1:26:19]} 10. Nc3
{[%clk 1:15:13]} d6 {[%clk 1:25:36]} 11. Nd4 {[%clk 1:13:56]} b5 {[%clk 1:20:20]}
12. Bc2 {[%clk 1:13:42]} Bb7 {[%clk 1:19:27]} 13. Nce2 {[%clk 1:03:54]} c6
{[%clk 1:17:20]} 14. dxc6 {[%clk 1:01:46]} Nexc6 {[%clk 1:15:48]} 15. Nxc6
{[%clk 0:40:57]} Nxc6 {[%clk 1:15:37]} 16. Bb3 {[%clk 0:37:18]} Na5
{[%clk 1:11:55]} 17. Bd5 {[%clk 0:36:39]} Re8 {[%clk 1:12:00]} 18. Bxb7
{[%clk 0:31:45]} Nxb7 {[%clk 1:12:24]} 19. f3 {[%clk 0:31:54]} d5
{[%clk 1:07:59]} 20. exd5 {[%clk 0:28:31]} Qb6+ {[%clk 1:08:02]} 21. Kh1
{[%clk 0:28:53]} Nd6 {[%clk 1:08:07]} 22. Nc3 {[%clk 0:25:46]} Nc4
{[%clk 1:02:53]} 23. Rb1 {[%clk 0:24:32]} Rad8 {[%clk 0:53:00]} 24. Ne4
{[%clk 0:21:35]} f5 {[%clk 0:41:32]} 25. b3 {[%clk 0:19:18]} Ne5 {[%clk 0:41:14]}
26. Nc3 {[%clk 0:15:16]} b4 {[%clk 0:39:53]} 27. Na4 {[%clk 0:14:09]} Qb5
{[%clk 0:40:09]} 28. Bb2 {[%clk 0:13:17]} Nd3 {[%clk 0:27:05]} 29. Bxg7
{[%clk 0:13:41]} Kxg7 {[%clk 0:27:29]} 30. Nb2 {[%clk 0:12:00]} Rxd5
{[%clk 0:21:09]} 31. Nxd3 {[%clk 0:12:18]} Qxd3 {[%clk 0:21:22]} 32. Qxd3
{[%clk 0:11:00]} Rxd3 {[%clk 0:21:48]} 33. Rf2 {[%clk 0:10:45]} Red8
{[%clk 0:21:27]} 34. Kg1 {[%clk 0:10:36]} Kf6 {[%clk 0:21:36]} 35. Rc2
{[%clk 0:09:14]} Rc3 {[%clk 0:20:34]} 36. Re2 {[%clk 0:09:14]} Kg5
{[%clk 0:20:22]} 37. Kf2 {[%clk 0:09:06]} h5 {[%clk 0:20:47]} 38. Rbe1
{[%clk 0:08:35]} h4 {[%clk 0:21:09]} 39. h3 {[%clk 0:08:31]} Kf4 {[%clk 0:20:49]}
40. Rb2 {[%clk 0:36:12]} Rd6 {[%clk 0:43:02]} 41. Rbe2 {[%clk 0:35:40]} Rc5
{[%clk 0:40:47]} 42. Rb1 {[%clk 0:35:03]} Rd4 {[%clk 0:35:04]} 43. Rbe1
{[%clk 0:34:57]} Rc3 {[%clk 0:35:25]} 44. Rb1 {[%clk 0:34:58]} Rcd3
{[%clk 0:35:42]} 45. Rc1 {[%clk 0:34:06]} Rd2 {[%clk 0:30:27]} 46. Rc2
{[%clk 0:16:54]} Rxe2+ {[%clk 0:23:58]} 47. Rxe2 {[%clk 0:17:13]} Rd3
{[%clk 0:22:23]} 48. Rc2 {[%clk 0:16:44]} Rc3 {[%clk 0:22:46]} 49. Re2
{[%clk 0:16:20]} a5 {[%clk 0:22:14]} 50. Rd2 {[%clk 0:16:15]} Ke5
{[%clk 0:22:30]} 51. Ke2 {[%clk 0:16:11]} Rc1 {[%clk 0:21:06]} 52. Kf2
{[%clk 0:16:04]} Rc5 {[%clk 0:21:14]} 53. Ke2 {[%clk 0:15:29]} Rc3
{[%clk 0:21:39]} 54. Kf2 {[%clk 0:15:53]} a4 {[%clk 0:20:49]} 55. bxa4
{[%clk 0:15:54]} Ra3 {[%clk 0:21:16]} 56. Ke2 {[%clk 0:15:09]} Rxa4
{[%clk 0:19:00]} 57. Ke3 {[%clk 0:14:48]} Ra3+ {[%clk 0:19:11]} 58. Ke2
{[%clk 0:14:51]} Rc3 {[%clk 0:19:04]} 59. Kf2 {[%clk 0:13:59]} Rc4
{[%clk 0:19:03]} 60. Ke3 {[%clk 0:13:59]} f4+ {[%clk 0:13:11]} 61. Ke2
{[%clk 0:14:11]} Rd4 {[%clk 0:13:19]} 62. Rc2 {[%clk 0:13:57]} Kd5
{[%clk 0:13:40]} 63. Rc8 {[%clk 0:12:42]} Rc4 {[%clk 0:13:45]} 64. Rd8+
{[%clk 0:12:25]} Ke5 {[%clk 0:10:41]} 65. Kd3 {[%clk 0:11:33]} Rc3+
{[%clk 0:10:54]} 66. Ke2 {[%clk 0:03:16]} Rc2+ {[%clk 0:11:20]} 67. Rd2
{[%clk 0:03:43]} Rxd2+ {[%clk 0:11:08]} 68. Kxd2 {[%clk 0:04:11]} Kd4
{[%clk 0:11:33]} 69. Kc2 {[%clk 0:04:12]} Ke3 {[%clk 0:11:44]} 70. Kb3
{[%clk 0:04:38]} Kf2 {[%clk 0:12:11]} 71. Kxb4 {[%clk 0:05:04]} Kxg2
{[%clk 0:12:38]} 72. a4 {[%clk 0:05:30]} Kxh3 {[%clk 0:12:25]} 73. a5
{[%clk 0:05:56]} Kg3 {[%clk 0:12:43]} 74. a6 {[%clk 0:06:23]} h3 {[%clk 0:13:11]}
75. a7 {[%clk 0:06:49]} h2 {[%clk 0:13:37]} 76. a8=Q {[%clk 0:07:14]} h1=Q
{[%clk 0:14:02]} 77. Qe4 {[%clk 0:06:25]} Qh5 {[%clk 0:10:54]} 78. Kc4
{[%clk 0:06:23]} Qf5 {[%clk 0:11:04]} 79. Qe2 {[%clk 0:05:55]} Qc8+
{[%clk 0:11:08]} 80. Kd4 {[%clk 0:06:01]} Qd7+ {[%clk 0:11:31]} 81. Kc5
{[%clk 0:04:25]} Qc7+ {[%clk 0:11:54]} 82. Kd5 {[%clk 0:04:09]} Qb7+
{[%clk 0:12:17]} 83. Ke6 {[%clk 0:04:25]} Qxf3 {[%clk 0:12:37]} 84. Qe1+
{[%clk 0:04:43]} Qf2 {[%clk 0:13:00]} 85. Qb1 {[%clk 0:04:54]} g5
{[%clk 0:12:29]} 86. Kf5 {[%clk 0:05:18]} Qc5+ {[%clk 0:12:20]} 87. Kg6
{[%clk 0:05:42]} g4 {[%clk 0:12:40]} 88. Qe1+ {[%clk 0:05:50]} Qf2
{[%clk 0:13:04]} 89. Qe5 {[%clk 0:06:16]} Qe3 {[%clk 0:13:22]} 90. Qc7
{[%clk 0:06:22]} Kh3 {[%clk 0:12:16]} 91. Kh5 {[%clk 0:06:14]} f3
{[%clk 0:11:53]} 92. Qc4 {[%clk 0:01:13]} Qe5+ {[%clk 0:12:19]} 93. Kg6
{[%clk 0:01:37]} g3 {[%clk 0:12:38]} 94. Qc8+ {[%clk 0:01:51]} Kh2
{[%clk 0:12:54]} 0-1

[Event "World Chess Olympiad 2018"]
[Site "Batumi"]
[Date "2018.10.03"]
[Round "9"]
[Board "1"]
[WhiteFideId "208078"]
[White "Godart Francois"]
[BlackFideId "1407767"]
[Black "Glud Jakob Vang"]
[Result "0-1"]
[LiveChessVersion "1.4.8"]
[BlackElo "2514"]
[WhiteElo "2431"]

1. d4 {[%clk 1:30:57]} Nf6 {[%clk 1:30:35]} 2. c4 {[%clk 1:31:23]} e6
{[%clk 1:31:01]} 3. g3 {[%clk 1:31:45]} d5 {[%clk 1:31:21]} 4. Nf3
{[%clk 1:31:54]} Bb4+ {[%clk 1:31:16]} 5. Bd2 {[%clk 1:32:20]} Be7
{[%clk 1:31:40]} 6. Bg2 {[%clk 1:32:37]} O-O {[%clk 1:32:03]} 7. O-O
{[%clk 1:32:59]} Nbd7 {[%clk 1:31:34]} 8. Qc2 {[%clk 1:33:07]} Ne4
{[%clk 1:31:14]} 9. Bf4 {[%clk 1:31:27]} c6 {[%clk 1:30:10]} 10. Nfd2
{[%clk 1:30:50]} g5 {[%clk 1:28:24]} 11. Be3 {[%clk 1:28:38]} Nd6
{[%clk 1:26:31]} 12. Nc3 {[%clk 1:12:15]} f5 {[%clk 1:16:00]} 13. c5
{[%clk 1:06:49]} Nf7 {[%clk 1:11:05]} 14. f3 {[%clk 0:58:22]} e5 {[%clk 1:09:06]}
15. Qxf5 {[%clk 0:42:10]} e4 {[%clk 1:04:26]} 16. Qh3 {[%clk 0:42:10]} exf3
{[%clk 0:57:18]} 17. exf3 {[%clk 0:39:31]} Nxc5 {[%clk 0:57:14]} 18. Qh5
{[%clk 0:37:11]} Ne6 {[%clk 0:57:38]} 19. f4 {[%clk 0:37:31]} Ng7
{[%clk 0:56:21]} 20. Qe2 {[%clk 0:37:21]} Nf5 {[%clk 0:54:47]} 21. Nf3
{[%clk 0:32:06]} Nxe3 {[%clk 0:52:23]} 22. Qxe3 {[%clk 0:32:30]} gxf4
{[%clk 0:52:45]} 23. Qxf4 {[%clk 0:30:15]} Ng5 {[%clk 0:48:31]} 24. Qe3
{[%clk 0:27:17]} Nxf3+ {[%clk 0:48:56]} 25. Rxf3 {[%clk 0:24:53]} Rxf3
{[%clk 0:49:22]} 26. Qxf3 {[%clk 0:25:00]} Qf8 {[%clk 0:49:47]} 27. Qe3
{[%clk 0:14:49]} Bf6 {[%clk 0:34:26]} 28. Rf1 {[%clk 0:13:41]} Qe7
{[%clk 0:34:53]} 29. Qf4 {[%clk 0:05:25]} Bg5 {[%clk 0:29:52]} 30. Nxd5
{[%clk 0:04:34]} cxd5 {[%clk 0:30:16]} 31. Bxd5+ {[%clk 0:05:00]} Kg7
{[%clk 0:30:08]} 32. Qf7+ {[%clk 0:05:04]} Qxf7 {[%clk 0:30:33]} 33. Rxf7+
{[%clk 0:05:29]} Kg6 {[%clk 0:30:11]} 34. Kf2 {[%clk 0:05:24]} Bh3
{[%clk 0:29:44]} 35. Rxb7 {[%clk 0:04:36]} Rf8+ {[%clk 0:29:39]} 36. Ke1
{[%clk 0:03:53]} Bf5 {[%clk 0:25:01]} 37. Bc4 {[%clk 0:02:50]} Rd8
{[%clk 0:24:07]} 38. d5 {[%clk 0:02:13]} Be3 {[%clk 0:20:00]} 39. Ke2
{[%clk 0:02:08]} Re8 {[%clk 0:17:16]} 40. a4 {[%clk 0:30:37]} Bc5+
{[%clk 0:46:07]} 41. Kd2 {[%clk 0:23:32]} a5 {[%clk 0:45:20]} 42. Bd3
{[%clk 0:22:44]} Bb4+ {[%clk 0:44:52]} 43. Kc2 {[%clk 0:22:06]} Rc8+
{[%clk 0:44:47]} 0-1

[Event "World Chess Olympiad 2018"]
[Site "Batumi"]
[Date "2018.10.03"]
[Round "9"]
[Board "2"]
[WhiteFideId "1403613"]
[White "Bekker-Jensen Simon"]
[BlackFideId "1024523"]
[Black "Beukema Stefan"]
[Result "1/2-1/2"]
[LiveChessVersion "1.4.8"]
[BlackElo "2396"]
[WhiteElo "2482"]

1. d4 {[%clk 1:30:53]} f5 {[%clk 1:30:49]} 2. g3 {[%clk 1:31:03]} Nf6
{[%clk 1:31:12]} 3. Bg2 {[%clk 1:31:25]} g6 {[%clk 1:31:36]} 4. Nf3
{[%clk 1:31:36]} Bg7 {[%clk 1:31:58]} 5. O-O {[%clk 1:31:55]} O-O
{[%clk 1:32:09]} 6. b3 {[%clk 1:31:42]} d6 {[%clk 1:31:59]} 7. Bb2
{[%clk 1:31:18]} c6 {[%clk 1:29:00]} 8. c4 {[%clk 1:30:04]} Qc7 {[%clk 1:26:44]}
9. Nbd2 {[%clk 1:27:31]} Re8 {[%clk 1:26:09]} 10. Re1 {[%clk 1:20:37]} e5
{[%clk 1:14:47]} 11. dxe5 {[%clk 1:20:27]} dxe5 {[%clk 1:15:07]} 12. e4
{[%clk 1:20:38]} fxe4 {[%clk 1:13:22]} 13. Nxe4 {[%clk 1:17:38]} Nxe4
{[%clk 1:08:34]} 14. Rxe4 {[%clk 1:17:59]} Na6 {[%clk 1:03:18]} 15. Qe2
{[%clk 1:07:53]} Bf5 {[%clk 0:58:50]} 16. Re3 {[%clk 1:07:01]} e4
{[%clk 0:58:59]} 17. Nh4 {[%clk 1:01:14]} Nc5 {[%clk 0:53:15]} 18. Bxg7
{[%clk 0:54:29]} Qxg7 {[%clk 0:53:34]} 19. Rd1 {[%clk 0:53:48]} Rad8
{[%clk 0:44:55]} 20. f3 {[%clk 0:49:20]} Rxd1+ {[%clk 0:41:01]} 21. Qxd1
{[%clk 0:49:39]} Qb2 {[%clk 0:41:07]} 22. Re2 {[%clk 0:33:16]} Qc3
{[%clk 0:38:50]} 23. Nxf5 {[%clk 0:33:34]} gxf5 {[%clk 0:38:57]} 24. fxe4
{[%clk 0:33:46]} fxe4 {[%clk 0:36:57]} 25. Qd2 {[%clk 0:34:03]} Qxd2
{[%clk 0:21:02]} 26. Rxd2 {[%clk 0:34:09]} e3 {[%clk 0:17:57]} 27. Re2
{[%clk 0:34:24]} Re5 {[%clk 0:05:32]} 28. Bh3 {[%clk 0:29:08]} Nd3
{[%clk 0:04:35]} 29. Kg2 {[%clk 0:26:16]} Nc1 {[%clk 0:04:56]} 30. Re1
{[%clk 0:26:38]} Nd3 {[%clk 0:05:20]} 31. Re2 {[%clk 0:27:01]} Nc1
{[%clk 0:05:45]} 32. Re1 {[%clk 0:27:27]} Nxa2 {[%clk 0:04:35]} 33. Kf3
{[%clk 0:25:53]} e2 {[%clk 0:04:51]} 34. Rxe2 {[%clk 0:24:57]} Rxe2
{[%clk 0:05:12]} 35. Kxe2 {[%clk 0:25:22]} Nc1+ {[%clk 0:05:37]} 36. Kd2
{[%clk 0:25:10]} Nxb3+ {[%clk 0:05:55]} 37. Kc3 {[%clk 0:25:36]} Nc5
{[%clk 0:03:04]} 38. Kd4 {[%clk 0:22:03]} Nb3+ {[%clk 0:03:18]} 39. Kc3
{[%clk 0:22:28]} Nc5 {[%clk 0:03:36]} 40. Kd4 {[%clk 0:52:52]} Na4
{[%clk 0:33:09]} 41. c5 {[%clk 0:50:11]} Kg7 {[%clk 0:30:39]} 42. Bc8
{[%clk 0:45:58]} b6 {[%clk 0:30:56]} 43. cxb6 {[%clk 0:46:09]} c5+
{[%clk 0:31:21]} 44. Ke5 {[%clk 0:44:23]} axb6 {[%clk 0:29:30]} 45. Ba6
{[%clk 0:37:40]} Nc3 {[%clk 0:25:51]} 46. Kd6 {[%clk 0:37:00]} Kf6
{[%clk 0:22:17]} 47. Bd3 {[%clk 0:32:26]} h6 {[%clk 0:21:12]} 48. h4
{[%clk 0:28:41]} Nd1 {[%clk 0:04:10]} 49. Kc6 {[%clk 0:25:13]} Ne3
{[%clk 0:02:32]} 50. g4 {[%clk 0:23:13]} Nxg4 {[%clk 0:01:24]} 51. Kxb6
{[%clk 0:23:35]} Ne5 {[%clk 0:01:07]} 52. Be4 {[%clk 0:23:37]} Nd7+
{[%clk 0:00:36]} 53. Kc6 {[%clk 0:23:31]} Ke5 {[%clk 0:00:53]} 54. Bb1
{[%clk 0:23:52]} Nf6 {[%clk 0:01:10]} 55. Kxc5 {[%clk 0:24:10]} Kf4
{[%clk 0:01:34]} 56. Kd4 {[%clk 0:24:16]} Kg3 {[%clk 0:01:55]} 57. Ke3
{[%clk 0:24:34]} Ng4+ {[%clk 0:02:18]} 58. Ke2 {[%clk 0:24:44]} Kxh4
{[%clk 0:02:44]} 59. Bg6 {[%clk 0:24:38]} Kg5 {[%clk 0:02:24]} 60. Be8
{[%clk 0:22:12]} Nf6 {[%clk 0:02:49]} 61. Bf7 {[%clk 0:22:34]} Ne4
{[%clk 0:03:17]} 62. Kf3 {[%clk 0:22:13]} Nd6 {[%clk 0:03:42]} 63. Be6
{[%clk 0:22:25]} h5 {[%clk 0:04:06]} 64. Kg3 {[%clk 0:22:48]} Ne4+
{[%clk 0:04:25]} 65. Kh3 {[%clk 0:22:49]} Nf2+ {[%clk 0:04:52]} 66. Kg3
{[%clk 0:23:00]} Nd3 {[%clk 0:05:17]} 67. Bc8 {[%clk 0:23:12]} h4+
{[%clk 0:05:36]} 68. Kh2 {[%clk 0:23:33]} Nf4 {[%clk 0:05:15]} 69. Bd7
{[%clk 0:23:43]} h3 {[%clk 0:01:44]} 70. Bxh3 {[%clk 0:23:59]} Nxh3
{[%clk 0:02:11]} 71. Kxh3 {[%clk 0:24:22]} 1/2-1/2

[Event "World Chess Olympiad 2018"]
[Site "Batumi"]
[Date "2018.10.03"]
[Round "9"]
[Board "3"]
[WhiteFideId "240990"]
[White "Dardha Daniel"]
[BlackFideId "1416928"]
[Black "Ochsner Bjorn Moller"]
[Result "0-1"]
[LiveChessVersion "1.4.8"]
[BlackElo "2462"]
[WhiteElo "2299"]

1. e4 {[%clk 1:30:54]} c5 {[%clk 1:30:47]} 2. c3 {[%clk 1:31:14]} Nf6
{[%clk 1:31:04]} 3. e5 {[%clk 1:31:39]} Nd5 {[%clk 1:31:28]} 4. d4
{[%clk 1:32:02]} cxd4 {[%clk 1:31:50]} 5. Qxd4 {[%clk 1:32:26]} e6
{[%clk 1:28:14]} 6. Bd3 {[%clk 1:32:47]} d6 {[%clk 1:11:58]} 7. exd6
{[%clk 1:30:51]} Nc6 {[%clk 1:03:26]} 8. Qe4 {[%clk 1:31:15]} Bxd6
{[%clk 1:00:24]} 9. Nf3 {[%clk 1:31:38]} b6 {[%clk 0:50:10]} 10. O-O
{[%clk 1:24:47]} Bb7 {[%clk 0:50:17]} 11. Nbd2 {[%clk 1:08:42]} Nf6
{[%clk 0:36:27]} 12. Qe2 {[%clk 1:08:51]} h6 {[%clk 0:34:11]} 13. Nc4
{[%clk 1:01:37]} Bc7 {[%clk 0:34:21]} 14. Rd1 {[%clk 0:56:43]} Qb8
{[%clk 0:33:51]} 15. h3 {[%clk 0:41:08]} O-O {[%clk 0:32:26]} 16. Ne3
{[%clk 0:40:43]} Ne7 {[%clk 0:26:17]} 17. c4 {[%clk 0:34:53]} Re8
{[%clk 0:23:40]} 18. Ng4 {[%clk 0:32:21]} Nh7 {[%clk 0:15:51]} 19. Nfe5
{[%clk 0:31:00]} Nf5 {[%clk 0:15:09]} 20. Nf3 {[%clk 0:21:49]} Nf8
{[%clk 0:14:52]} 21. b3 {[%clk 0:21:27]} Ng6 {[%clk 0:14:30]} 22. Be4
{[%clk 0:19:09]} h5 {[%clk 0:06:29]} 23. Bxb7 {[%clk 0:14:26]} Qxb7
{[%clk 0:06:44]} 24. Nge5 {[%clk 0:13:45]} Bxe5 {[%clk 0:03:34]} 25. Nxe5
{[%clk 0:14:05]} Nxe5 {[%clk 0:02:33]} 26. Qxe5 {[%clk 0:14:28]} Rad8
{[%clk 0:02:31]} 27. Bb2 {[%clk 0:13:35]} h4 {[%clk 0:01:42]} 28. c5
{[%clk 0:10:56]} bxc5 {[%clk 0:01:36]} 29. Qxc5 {[%clk 0:10:09]} Rc8
{[%clk 0:01:47]} 30. Qa5 {[%clk 0:10:06]} Rc2 {[%clk 0:02:11]} 31. Rd2
{[%clk 0:10:18]} Rec8 {[%clk 0:02:12]} 32. Rad1 {[%clk 0:06:21]} Qe4
{[%clk 0:01:23]} 33. Qe5 {[%clk 0:04:38]} Rxd2 {[%clk 0:01:40]} 34. Rxd2
{[%clk 0:04:29]} Qb1+ {[%clk 0:01:47]} 35. Kh2 {[%clk 0:04:58]} Qxa2
{[%clk 0:01:34]} 36. g4 {[%clk 0:02:55]} hxg3+ {[%clk 0:01:56]} 37. fxg3
{[%clk 0:03:22]} Qxb3 {[%clk 0:01:42]} 38. g4 {[%clk 0:03:47]} f6
{[%clk 0:01:32]} 39. Qe1 {[%clk 0:01:59]} Rc2 {[%clk 0:01:06]} 40. gxf5
{[%clk 0:31:41]} Rxb2 {[%clk 0:30:47]} 41. fxe6 {[%clk 0:29:09]} Qc3
{[%clk 0:27:23]} 0-1